Online
Catalog

Estadística básica / (Record no. 6349)

MARC details
000 -CABECERA
campo de control de longitud fija 01263nam a2200277 a 4500
001 - NÚMERO DE CONTROL
campo de control 000006558
005 - FECHA Y HORA DE LA ÚLTIMA TRANSACCIÓN
campo de control 20260420111101.0
008 - DATOS DE LONGITUD FIJA--INFORMACIÓN GENERAL
campo de control de longitud fija 090901s2003 dr r 000 0 spa d
020 ## - NÚMERO INTERNACIONAL ESTÁNDAR DEL LIBRO
ISBN cancelado o inválido 99934450701
040 ## - FUENTE DE LA CATALOGACIÓN
Centro catalogador/agencia de origen DO-SdBNP
Lengua de catalogación spa
Centro/agencia transcriptor BNPHU
082 ## - NÚMERO DE LA CLASIFICACIÓN DECIMAL DEWEY
Número de clasificación 310
Número de documento/Ítem C987e, 2003
100 1# - ENTRADA PRINCIPAL--NOMBRE DE PERSONA
Nombre de persona Custodio, Carlos
9 (RLIN) 719
245 10 - MENCIÓN DE TÍTULO
Título Estadística básica /
Mención de responsabilidad, etc. Carlos Custodio ; prólogo Manuel Mejía.
250 ## - MENCIÓN DE EDICIÓN
Mención de edición 3a ed.
260 ## - PUBLICACIÓN, DISTRIBUCIÓN, ETC.
Lugar de publicación, distribución, etc. Santo Domingo :
Nombre del editor, distribuidor, etc. Surco,
Fecha de publicación, distribución, etc. 2003.
300 ## - DESCRIPCIÓN FÍSICA
Extensión 273 p. :
Otras características físicas il., gráf. ;
Dimensiones 22 cm.
500 ## - NOTA GENERAL
Nota general La biblioteca posee la 2a. reimpresión de la 3a. edición del 2004
504 ## - NOTA DE BIBLIOGRAFÍA, ETC.
Nota de bibliografía, etc. Bibliografía : p. 271-273
505 0# - NOTA DE CONTENIDO CON FORMATO
Título Prólogo --
-- Introducción --
-- Aspectos básicos --
-- Muestreo --
-- Los datos estadísticos: su clasificación y organización --
-- Presentación de datos estadísticos --
-- Medidas de tendencia central o de posición --
-- Medidas de dispersión --
-- Medidas de asimetría y de apuntamiento o curtosis --
-- Números índices --
-- Bibliografía.
590 ## - NOTA LOCAL (RLIN)
Nota local Inventariado, 2018/BT
650 #4 - PUNTO DE ACCESO ADICIONAL DE MATERIA--TÉRMINO DE MATERIA
Término de materia o nombre geográfico como elemento de entrada Estadística
Subdivisión general Enseñanza
9 (RLIN) 720
650 #0 - PUNTO DE ACCESO ADICIONAL DE MATERIA--TÉRMINO DE MATERIA
Término de materia o nombre geográfico como elemento de entrada Muestreo (Estadistica)
9 (RLIN) 721
650 #4 - PUNTO DE ACCESO ADICIONAL DE MATERIA--TÉRMINO DE MATERIA
Término de materia o nombre geográfico como elemento de entrada Estadística
Subdivisión general Problemas, ejercicios, etc.
9 (RLIN) 722
700 1# - PUNTO DE ACCESO ADICIONAL--NOMBRE DE PERSONA
Nombre de persona Mejía, Manuel,
Término indicativo de función/relación pról.
9 (RLIN) 723
910 ## - DATOS DE OPCIÓN DEL USUARIO (OCLC)
Datos de opción del usuario Validado. Control de calidad. MMOLINA
Holdings
Estado de retiro Estado de pérdida Restricciones de uso No para préstamo Código de colección Localización permanente Ubicación/localización actual Ubicación en estantería Fecha de adquisición Número de inventario Total de préstamos Signatura topográfica completa Código de barras Fecha visto por última vez Número de copia Precio válido a partir de Tipo de ítem Koha
        Dominicana de Servicio General General Depósito 01.09.2009 LF1   310 C987e, 2003 6558-30 25.06.2020 e. 3 25.06.2020 Libro y Folleto Colección Dominicana de Servicio
        Dominicana de Servicio General General Depósito 01.09.2009 LF1   310 C987e, 2003 6558-40 25.06.2020 e. 4 25.06.2020 Libro y Folleto Colección Dominicana de Servicio
        Dominicana de Servicio General General Depósito 01.09.2009 LF1   310 C987e, 2003 6558-50 25.06.2020 e. 5 25.06.2020 Libro y Folleto Colección Dominicana de Servicio
      Excluido de préstamo Patrimonio Dominicano Patrimonio Dominicano Patrimonio Dominicano Depósito 01.09.2009 LF1   310 C987e, 2003 6558-10 25.06.2020   25.06.2020 Libro y Folleto Colección Patrimonio Dominicano
      Excluido de préstamo Patrimonio Dominicano Patrimonio Dominicano Patrimonio Dominicano Depósito 01.09.2009 LF1   310 C987e, 2003 6558-20 25.06.2020 e. 2 25.06.2020 Libro y Folleto Colección Patrimonio Dominicano

Powered by Koha